00378nam a22001097a 4500008004100000082001500041100002500056245014000081260002500221300000900246440001300255230704b xxu||||| |||| 00| 0 eng d a341.7bTWU cRosalind Twum-Barima aProtecting the Ozone layer through trade Measures:bReconciling the Trade Provisions of the Montreal Protocol and the rules of the GATT bUnited nationsc1994 a119p x10201610